Zhodnocovanie prírodných fenolických látok izolovaných z biomasy
Salvato in:
| Autore principale: | |
|---|---|
| Altri autori: | |
| Natura: | Manoscritto Libro |
| Lingua: | slovacco |
| Pubblicazione: |
2024
|
| Soggetti: | |
| Accesso online: | http://is.stuba.sk/zp/portal_zp.pl?podrobnosti_zp=99087 |
| Tags: |
Nessun Tag, puoi essere il primo ad aggiungerne!!
|
MARC
| LEADER | 00000ntm a22000003a 4500 | ||
|---|---|---|---|
| 001 | stuzp99087 | ||
| 003 | SK-STU | ||
| 005 | 20240824210452.8 | ||
| 007 | ta | ||
| 008 | 150427s2015----xo-----f-mn---000-0-slo-d | ||
| 040 | |a STU |b slo | ||
| 041 | 0 | |a slo | |
| 100 | 1 | |a Ház, Aleš |u 040906 |k Z2 |4 aut |U FCHPT Dekanát |T FCHPT Projektové stredisko |X 22008 |U 040906 |Y 693 |7 A000022008 | |
| 242 | 0 | 1 | |a Valorization of natural phenolic substances isolated from biomass |y eng |
| 245 | 1 | 0 | |a Zhodnocovanie prírodných fenolických látok izolovaných z biomasy |
| 260 | |c 2024 | ||
| 650 | 4 | |a izolácia |2 slo | |
| 650 | 4 | |a modifikácia |2 slo | |
| 650 | 4 | |a lignín |2 slo | |
| 650 | 4 | |a extraktívne látky |2 slo | |
| 650 | 4 | |a zhodnocovanie |2 slo | |
| 650 | 4 | |a lignin |2 eng | |
| 650 | 4 | |a extractives |2 eng | |
| 650 | 4 | |a isolation |2 eng | |
| 650 | 4 | |a recovery |2 eng | |
| 650 | 4 | |a modification |2 eng | |
| 700 | 1 | |a , |4 ths |X null |7 null | |
| 856 | 4 | |u http://is.stuba.sk/zp/portal_zp.pl?podrobnosti_zp=99087 | |